000
00327pab a2200133 454500
008
180718b2000 xxu||||| |||| 00| 0 eng d
100
_a
Stevens, Dennis J.
245
_a
Civil liabilities and arrest decision
260
_c
2000
300
_a
p.119-42
650
_a
Legal liability
773
_a
Police Journal
909
_a
45623
999
_c
45623
_d
45623